00464 2200169 4500001002100000005001500021035002000036245006200056100002700118300003400145260003900179082001000218084001600228020002200244600001100266990001700277INLIS00000000000098720250616082624 a0010-06250000561 aIbadah Jangan Setengah- Setengah /cAyasha Jauza paradita0 aParadita, Ayasha Jauza a196 hlm :bilus ;c14 X 21 cm aYogyakarta :bTerang Sejati,c2024 a297.3 a297.3 PAR i a978-623-8398-13-3 4aIbadah a3390/PP/2025